El periquillo de sarniento /
Guardado en:
| Hovedforfatter: | |
|---|---|
| Andre forfattere: | |
| Format: | Ukendt |
| Sprog: | Spanish |
| Udgivet: |
México :
Porrúa,
1987.
|
| Serier: | (Colección sepan cuantos ;
no. 1) |
| Fag: | |
| Tags: |
Tilføj Tag
Ingen Tags, Vær først til at tagge denne postø!
|
MARC
| LEADER | 000000000a22000000004500 | ||
|---|---|---|---|
| 001 | 004623 | ||
| 020 | |a 9684320701 | ||
| 041 | 0 | |a spa | |
| 082 | 0 | 4 | |a M863.1 |b F363p19 |
| 100 | 1 | |a Fernández de Lizardi, José Joaquín, |d 1776-1827 | |
| 245 | 1 | 3 | |a El periquillo de sarniento / |c José Joaquín Fernández de Lizardi ; Jefferson Rea Spell, prólogo. |
| 260 | 1 | |a México : |b Porrúa, |c 1987. | |
| 300 | |a xiv, 472 páginas | ||
| 490 | 1 | |a (Colección sepan cuantos ; |v no. 1) | |
| 650 | 4 | |a LITERATURA MEXICANA | |
| 650 | 4 | |a NOVELA | |
| 700 | 1 | |a Rea Spell, Jefferson, |e prólogo | |
| 999 | |c 10751 |d 10751 | ||
| 942 | |c BK |h M863.1 F363p19 |2 z | ||



